| 000 | 00636nam a2200241Ia 4500 | ||
|---|---|---|---|
| 005 | 20260430150540.0 | ||
| 008 | 008 250103s9999 xx 000 0 eng d | ||
| 037 | _aTheses | ||
| 040 | _aCRL | ||
| 040 | _beng | ||
| 040 | _ceng | ||
| 041 | _2eng | ||
| 041 | _aeng | ||
| 084 | _qCRL | ||
| 100 |
_aNeha Au.; Singh Kshitij Kumar Gu. _91237823 |
||
| 245 | 0 | _aLand Reforms Laws vis-à-vis Rights of Scheduled Castes in India: A Critical Appraisal | |
| 260 | _c2024 | ||
| 300 | _a629p. | ||
| 650 | _aLaw | ||
| 700 |
_aUniversity of Delhi. Faculty of Law. Deptt. of Law _91236414 |
||
| 942 | _cTH | ||
| 999 |
_c1850053 _d1850053 |
||